Tiny Almost Useless Trivia Quiz Stats

Quiz Updated Jul 14, 2015

Challenge
Share
Tweet
Embed
Score 0/15 Timer 02:00
13 Plays Today
Question Answer % Correct
Which African country has Cairo as its capital city?Egypt
97.3%
What comic book company created The Avengers, Spider-Man, and the X-Men?Marvel Comics
92.9%
Which chemical element has the symbol K?potassium
83.7%
What does the word casa mean in 'mi casa es su casa?'house
83.1%
Which US state is an anagram of the word ANIME?Maine
82.6%
How many periods are there in a National Hockey League game?3
81.6%
Who was the first woman to be Prime Minister of the United Kingdom?Margaret Thatcher
80.3%
Which car company produces the Accord and the Civic?Honda
77.1%
Question Answer % Correct
Name either of James Cameron's films that was the highest grossing of all time.Avatar or Titanic
75.8%
What country is the Shinto religion based in?Japan
70.8%
What is Chandler's last name on Friends, which is also a variety of cherries?Bing
69.6%
What Swedish band had members named Benny, Agnetha, Björn, and Anni-Frid?ABBA
66.6%
Which of Santa's reindeer comes alphabetically last?Vixen
59.4%
What did the N stand for in the NES?Nintendo
51.1%
Who wrote the books 'Ethan Frome' and 'The Age of Innocence'?Edith Wharton
19.6%

You're not logged in!

Compare scores with friends on all Sporcle quizzes.
Sign Up with Email
OR
Log In

You Might Also Like...

Show Comments

Extras

Top Quizzes Today


Score Distribution

Your Account Isn't Verified!

In order to create a playlist on Sporcle, you need to verify the email address you used during registration. Go to your Sporcle Settings to finish the process.